| Tag |
First Indicator |
Second Indicator |
Subfields |
| LEADER |
00000cam a2200000Ma 4500 |
| 001 |
in00005659048 |
| 006 |
m o d |
| 007 |
cr |n||||||||| |
| 008 |
150209s2014 xx o 000 0 eng d |
| 005 |
20250812150148.5 |
| 035 |
|
|
|a (OCoLC)ocn903000238
|
| 040 |
|
|
|a CDX
|b eng
|e pn
|c CDX
|d OCLCQ
|d TYFRS
|d OCLCO
|d TYFRS
|d OCLCF
|d OCL
|d CNTRU
|d OCLCO
|d OCLCQ
|d QGK
|d OCLCO
|d OCLCL
|
| 019 |
|
|
|a 1259172480
|
| 020 |
|
|
|a 1466571373
|q (Cloth)
|
| 020 |
|
|
|a 9781466571372
|q (Cloth)
|
| 020 |
|
|
|a 9781322634616
|q (MyiLibrary)
|
| 020 |
|
|
|a 1322634610
|q (MyiLibrary)
|
| 020 |
|
|
|a 0429254342
|
| 020 |
|
|
|a 9780429254345
|
| 020 |
|
|
|a 1466571381
|
| 020 |
|
|
|a 9781466571389
|
| 035 |
|
|
|a (OCoLC)903000238
|z (OCoLC)1259172480
|
| 037 |
|
|
|a 694743
|b MIL
|
| 050 |
|
4 |
|a HV8077
|
| 082 |
0 |
4 |
|a 363.3
|2 23
|
| 049 |
|
|
|a TXAM
|
| 100 |
1 |
|
|a Sinha, J. K.
|
| 245 |
1 |
0 |
|a Forensic Investigation of Unusual Firearms.
|
| 260 |
|
|
|b CRC Press,
|c 2014.
|
| 300 |
|
|
|a 1 online resource
|
| 336 |
|
|
|a text
|b txt
|2 rdacontent
|
| 337 |
|
|
|a computer
|b c
|2 rdamedia
|
| 338 |
|
|
|a online resource
|b cr
|2 rdacarrier
|
| 588 |
0 |
|
|a Print version record.
|
| 520 |
|
|
|a In recent years, the use of illegally produced firearms has increased exponentially worldwide. These are often cheap, nonstandard firearms that defy known classification and identification criteria. The use of unusual firearms in crimes has frequently led to unpredictable and misleading reconstruction of shooting incidents. In this book, internationally known forensic firearm expert, J.K. Sinha, presents a detailed forensic study of unusual firearms, with the goal of helping crime-scene investigators to minimize erroneous conclusions in cases where these types of firearms are used. Based on hi.
|
| 504 |
|
|
|a Includes bibliographical references and index.
|
| 546 |
|
|
|a English.
|
| 650 |
|
0 |
|a Forensic ballistics.
|
| 650 |
|
0 |
|a Firearms
|x Identification.
|
| 650 |
|
0 |
|a Firearms
|x Markings.
|
| 650 |
|
6 |
|a Balistique légale.
|
| 650 |
|
6 |
|a Armes à feu
|x Identification.
|
| 650 |
|
6 |
|a Armes à feu
|x Marques d'identification.
|
| 650 |
|
7 |
|a Firearms
|x Identification
|2 fast
|
| 650 |
|
7 |
|a Firearms
|x Markings
|2 fast
|
| 650 |
|
7 |
|a Forensic ballistics
|2 fast
|
| 655 |
|
7 |
|a Electronic books.
|2 local
|
| 710 |
2 |
|
|a Taylor & Francis.
|
| 776 |
1 |
|
|z 1-322-63461-0
|
| 776 |
1 |
|
|z 1-4665-7137-3
|
| 856 |
4 |
0 |
|u http://proxy.library.tamu.edu/login?url=https://www.taylorfrancis.com/books/9780429254345
|z Connect to the full text of this electronic book
|t 0
|
| 955 |
|
|
|a Taylor and Francis FORENSICnetBASE / LAWENFORCEMENTnetBASE
|
| 994 |
|
|
|a 92
|b TXA
|
| 999 |
f |
f |
|s f35ad973-2fc4-4090-bf1e-683e07daf51a
|i 51a02749-226f-47c3-8df3-7210f157ce15
|t 0
|
| 952 |
f |
f |
|a Texas A&M University
|b College Station
|c Electronic Resources
|d Available Online
|t 0
|e HV8077
|h Library of Congress classification
|
| 998 |
f |
f |
|a HV8077
|t 0
|l Available Online
|